000 01818cam a22004814i 4500
003 PE-LiUPU
005 20250731172855.0
008 160822s r 000 0 spa d
020 _a0984539972
020 _a9780984539970
035 _a(Sirsi) a163074
040 _aPE-LiUPU
_bspa
_cPE-LiUPU
_erda
049 _aPRUA
082 0 4 _a291.5691
_bE6
_220
245 0 0 _aEntrusted :
_b Christians and environmental care /
_c Stephen Dunbar, L. James Gibson, and Humberto M. Rasi, (editors).
264 _aMexico :
_b Adventus: International University Publishers,
_c2013.
300 _ax, 286 pages ;
_c22 centimeters.
336 _atext
_2rdacontent
337 _aunmediated
_2rdamedia
338 _avolume
_2rdacarrier
504 _aIndex : pages 279-286.
505 0 _aChristians and the environment -- Animal anda environmental ethics -- Human health and the environment -- Biodiversity and conservation strategies -- Environmental education.
526 _aSEG42
526 _aSEG41
526 _aSEG40
526 _aSEG39
526 _aP94
526 _aP87
526 _aP86
526 _aP85
526 _aP77
526 _aP76
526 _aP35
650 0 4 _aMoral ecología y aspectos éticos
650 0 4 _aNaturaleza
650 0 4 _aEcologia humana
910 _ajck
_bncf
_cncf
_d20160822
596 _a1
942 _2ddc
_cBOOK
999 _a291.5691 E6
_wDEWEY
_c11983
_i70803
_f2021-11-11
_g5
_lCCODEBUL1
_mBUL
_p15.00
_r0
_sY
_tBOOK
_u2016-8-22
_xTEOLOGIA
_PP35
_0COMPRA
_o.STAFF. Colección General
_d11983
999 _a291.5691 E6
_wDEWEY
_c2
_i70804
_d2019-11-25
_e2019-11-18
_f2021-11-11
_g5
_lCCODEBUL1
_mBUL
_n1
_p15.00
_r0
_sY
_tBOOK
_u2016-8-22
_xTEOLOGIA
_PP35
_0COMPRA
_o.STAFF. Colección General
980 _81
_gALBERTO SANCHEZ Responsable de Automatización